Klient je čoraz náročnejší

Slovenský plynárenský priemysel (SPP) sa transformuje z výrobnej na zákaznícky orientovanú spoločnosť. Fakty o privatizácii SPP. Významné súčasné faktory ovplyvňujúce podnikanie SPP. Akcionári SPP.

Salvato in:
Dettagli Bibliografici
Natura: Capitolo di libro
Lingua:slovacco
Soggetti:
Tags: Aggiungi Tag
Nessun Tag, puoi essere il primo ad aggiungerne!!

MARC

LEADER 00000naa a2200000 4500
001 r048555
005 20230920090701.0
041 0 |a slo 
044 |a SK 
245 1 0 |a Klient je čoraz náročnejší 
520 |a Slovenský plynárenský priemysel (SPP) sa transformuje z výrobnej na zákaznícky orientovanú spoločnosť. Fakty o privatizácii SPP. Významné súčasné faktory ovplyvňujúce podnikanie SPP. Akcionári SPP. 
610 2 0 |a priemysel plynárenský 
610 2 0 |a Slovensko 
610 2 0 |a plyn 
610 2 0 |a transformácia 
610 2 0 |a privatizácia 
610 2 0 |a investície 
610 2 0 |a akcionári 
610 2 0 |a zákazníci